[Event "Yingmei Cup CHN-chT 2017"]
[Site "?"]
[Date "2017.05.24"]
[Round "6"]
[White "Ren, Xiaoyi"]
[Black "Dzagnidze, Nana"]
[Result "1-0"]
[WhiteElo "2262"]
[BlackElo "2545"]
[Annotator "TA"]
[PlyCount "95"]
[EventDate "2017.??.??"]
[SourceTitle "Jinhua-Lanxi"]

1. d4 e6 2. c4 c5 3. d5 exd5 4. cxd5 Nf6 5. Nc3 d6 6. e4 a6 7. a4 g6 {[%emt 0:
00:06] A5: Modern Benoni: 6 e4} 8. f4 {LiveBook: 6 Games} (8. h3 Bg7 9. Nf3 O-O
10. Bd3 Re8 {1/2-1/2 (10) David,A (2609)-Ehlvest,J (2583) Riga 2011}) 8... Qe7
9. Bd3 Bg7 {White is slightly better.} 10. Nf3 Bg4 11. O-O Nbd7 12. Bd2 $146 (
12. h3 $5 Bxf3 13. Qxf3 $14) ({Predecessor:} 12. Qe1 Bxf3 13. Rxf3 Ng4 14. Qg3
h5 15. Bd2 Bf6 {1/2-1/2 (51) Buchholz,R (1983)-Schulz,M (2247) Berlin 2006})
12... O-O 13. a5 (13. h3 $14 Bxf3 14. Qxf3 (14. Rxf3 c4 $15)) 13... c4 $1 $11
14. Bc2 Nc5 15. Qe2 (15. h3 $5 Bxf3 16. Qxf3 $11) 15... Rac8 16. Rae1 (16. h3
$5 Bxf3 17. Qxf3 $11 (17. Rxf3 Rfe8 $15)) 16... Rfe8 17. Qxc4 (17. h3 $5 Bxf3
18. Qxf3 $11 (18. gxf3 Nh5 $17) (18. Rxf3 Qd8 $11)) 17... Bxf3 (17... Ncxe4 $5
18. Qb4 Bxf3 $16) 18. gxf3 Nh5 ({Don't blunder} 18... Ncxe4 $2 19. Qd3 $18) 19.
Qe2 Bd4+ 20. Kh1 Qf6 (20... Qh4 $11 21. Qg2 Nxf4 22. Bxf4 Qxf4) 21. f5 $16 Qh4
22. Qg2 Nf4 (22... Be5 $16) 23. Bxf4 $1 $18 Qxf4 24. Ne2 Qd2 25. Rd1 Qxc2 26.
Nxd4 Qxg2+ 27. Kxg2 Kg7 28. b4 (28. h4 $16) 28... Na4 $14 29. Rc1 $36 {White
has the initiative.} Kf6 (29... Nc3 $14) 30. fxg6 hxg6 31. b5 $1 axb5 $2 (31...
Nc5 $16 32. bxa6 Nxa6) 32. Nxb5 $18 Ke7 (32... Rcd8 $18 33. Rc4 Nc5 34. Nxd6
Rxd6) 33. f4 $16 {Threatens to win with e5.} f6 $2 {[#]} (33... Red8 $16 34.
Rxc8 Rxc8) 34. Kf3 $2 (34. e5 $1 $18 {and the rest is easy.} fxe5 (34... dxe5
35. fxe5) 35. fxe5 Rxc1 36. Rxc1 dxe5 37. Rc4) 34... Nc5 (34... Rc5 $16) 35.
Rg1 $18 Rg8 36. Rg3 g5 37. Rcg1 ({White should try} 37. fxg5 $18 fxg5 38. Ke3)
37... Rcf8 $2 {[#]} (37... Ra8 $16) 38. h4 $1 {White is clearly winning.} Nd3 (
38... gxh4 39. Rxg8) 39. hxg5 fxg5 40. Rxg5 Rxg5 41. Rxg5 Nxf4 {Endgame KRN-KRN
} 42. Rg7+ Kf6 43. Rxb7 Ng6 44. a6 Ke5+ 45. Ke3 Rf1 46. a7 Re1+ 47. Kd2 Ra1 48.
Rb8 {Precision: White = 46%, Black = 29%.} 1-0

[Event "Yingmei Cup CHN-chT 2017"]
[Site "?"]
[Date "2017.05.24"]
[Round "6"]
[White "Zhu, Jiner"]
[Black "Tan, Zhongyi"]
[Result "0-1"]
[WhiteElo "2154"]
[BlackElo "2508"]
[Annotator "TA"]
[PlyCount "58"]
[EventDate "2017.??.??"]
[SourceTitle "Jinhua-Lanxi"]

1. e4 c5 2. Nf3 Nc6 3. d4 cxd4 4. Nxd4 g6 5. c4 Bg7 6. Be3 Nf6 7. Nc3 Ng4 8.
Qxg4 Nxd4 9. Qd1 Ne6 10. Be2 Qa5 11. Qd2 Bxc3 12. bxc3 d6 {B39: Sicilian:
Maroczy Bind with 5...Bg7 and 7...Ng4} 13. O-O Bd7 14. f4 Bc6 {The position is
equal.} 15. f5 Nc5 16. Qd4 f6 17. e5 ({White should play} 17. fxg6 $15 hxg6 18.
Rxf6) 17... fxe5 $17 18. Qh4 gxf5 $146 ({Stronger than} 18... Qxc3 19. Bxc5
dxc5 20. fxg6 $11) ({Predecessor:} 18... O-O-O 19. fxg6 hxg6 20. Qxe7 Qxc3 21.
Bxc5 dxc5 {0-1 (29) Campos,I (2160)-Matsuura,E (2479) Belo Horizonte 2010}) 19.
Qh5+ Kd8 20. Qxf5 {[#]} Kc7 $1 ({Worse is} 20... Qxc3 21. Bxc5 Rg8 22. Rfd1 $11
) 21. Bg5 $2 (21. Qc2) 21... Rag8 $19 22. Bf3 Bd7 23. Qf7 Rxg5 24. Qxe7 Rhg8
25. Rad1 R5g6 26. Bd5 R8g7 27. Rf7 Rxf7 28. Bxf7 {[#]} Qb6 $1 {( -> ...Nd3+)}
29. Bxg6 Nd3+ {Precision: White = 28%, Black = 95%.} 0-1

[Event "Yingmei Cup CHN-chT 2017"]
[Site "?"]
[Date "2017.05.24"]
[Round "6"]
[White "Ning, Kaiyu"]
[Black "Ni, Shiqun"]
[Result "0-1"]
[WhiteElo "2131"]
[BlackElo "2450"]
[Annotator "TA"]
[PlyCount "78"]
[EventDate "2017.??.??"]
[SourceTitle "Jinhua-Lanxi"]

1. d4 d5 2. c4 c6 3. Nf3 Nf6 4. e3 e6 5. b3 Nbd7 6. Nbd2 Bd6 7. Bd3 O-O 8. O-O
Qe7 9. Bb2 e5 {D30: Queen's Gambit Declined: Systems without Nc3} (9... b6 10.
Qe2 Bb7 11. e4 dxe4 12. Nxe4 Nxe4 13. Qxe4 Nf6 14. Qh4 h6 15. Ne5 c5 16. dxc5
Bxc5 17. a3 {0-1 (62) Kaasen,T (2410)-Mihajlov,S (2367) Fagernes 2017}) 10.
dxe5 Nxe5 11. Nxe5 Bxe5 12. Bxe5 Qxe5 {LiveBook: 4 Games} 13. Nf3 Qe7 14. Qc2
dxc4 15. Bxc4 $146 ({Predecessor:} 15. bxc4 Bg4 16. Nd4 g6 17. Rfe1 {0-1 (48)
Makolski,K (1250)-Olsar,Z (1999) Orlova 2010}) 15... Bg4 16. Nd4 c5 17. Nf5 Qe5
18. Ng3 h5 19. Rfe1 Rad8 20. f3 h4 21. Nf1 Bd7 22. a4 b6 23. Rad1 Be6 24. e4 g6
25. Ne3 Kg7 26. Bd5 Rfe8 27. Nc4 Qf4 28. Bxe6 $1 fxe6 29. e5 (29. Qc3 $16)
29... Nd5 $11 30. Re4 Qh6 31. Nd6 Rf8 32. Rde1 ({Better is} 32. Qd3 $11) 32...
h3 $15 33. Qf2 (33. a5 $15) 33... Nf4 $19 34. g3 Nd3 $1 35. Qf1 Nxe1 36. Rxe1
Qd2 {[#] ...Rxf3 is the strong threat.} 37. Re4 (37. Qf2 $142 Qd5 38. Re3)
37... Qc3 38. f4 Qxb3 39. Qxh3 $2 {[#]} (39. Kf2) 39... Rxd6 $1 {Precision:
White = 38%, Black = 60%.} 0-1

[Event "Yingmei Cup CHN-chT 2017"]
[Site "?"]
[Date "2017.05.24"]
[Round "6"]
[White "Zhang, Lanlin"]
[Black "Ju, Wenjun"]
[Result "1-0"]
[WhiteElo "2080"]
[BlackElo "2596"]
[Annotator "TA"]
[PlyCount "103"]
[EventDate "2017.??.??"]
[SourceTitle "Jinhua-Lanxi"]

1. e4 c5 2. Nf3 d6 3. d4 cxd4 4. Nxd4 Nf6 5. Nc3 Nc6 6. Be2 e5 7. Nb3 Be7 8.
O-O O-O 9. Kh1 a5 10. a4 Nb4 11. f4 Be6 12. f5 Bd7 13. Bg5 Bc6 14. Bxf6 {
[%emt 0:00:07] B59: Classical Sicilian: 6 Be2 e5 Nb3} (14. Bf3 Qb6 15. Qe2 Rac8
16. Rfd1 Rfe8 17. Be3 Qc7 18. Qf2 Bd8 19. Rd2 Qb8 20. Ba7 Qa8 21. Bb6 Qa6 {
1/2-1/2 (44) Le Hetet, N (2281)-Lagarde,M (2572) Agen 2016}) 14... Bxf6 {
LiveBook: 9 Games} 15. Bf3 Qc7 16. Qe2 {Black has an edge.} Rfd8 $146 ({
Predecessor:} 16... b6 17. Nc1 Bb7 18. Rd1 Rfd8 19. N1a2 Ba6 20. Qd2 Nxa2 21.
Rxa2 Rac8 {1-0 (29) Vorontsov,N (2312)-Rysbayeva,A (2167) Voronezh 2009}) 17.
Rad1 b6 18. Rf2 Qb7 19. Qf1 Rac8 20. g3 Qd7 (20... Bg5 $15) 21. Nd2 $11 Qc7 22.
Nb3 Qb7 23. h4 Be8 24. Rfd2 Be7 25. Qe2 f6 26. Na1 Na6 27. Nb5 Bc6 (27... Nc5
$15) 28. Nb3 Kf8 29. c3 (29. Kh2 {looks sharper.} Kg8 30. Qc4+ Kf8 31. Nc1 Be8
32. Qe2) 29... Nc7 30. Na1 Nxb5 (30... Na6 $5) 31. axb5 Be8 32. Nc2 Rc5 (32...
Qd7 $11) 33. Na3 ({White should play} 33. c4 $16) 33... Rdc8 34. Kh2 Bf7 35.
Qe3 Qc7 36. Be2 Bb3 37. Rf1 (37. Ra1 $11) 37... d5 $15 38. exd5 (38. Bd1 $15
Ba2 39. Bf3) 38... Rxd5 $17 39. c4 $2 {[#]} (39. Rxd5 $17 Bxd5 40. Nc2) 39...
Bc5 $19 40. Qc3 Rxd2 (40... Bb4 $142 41. Rxd5 Bxc3) 41. Qxd2 Rd8 42. Qc3 (42.
Qc1 {was the only chance.}) 42... a4 43. Nc2 Bd4 $2 (43... Qb7 $19 {is more
deadly.} 44. Ne3 Qe4) 44. Nxd4 $17 Rxd4 45. Rc1 Qd6 {And now ...Rd2 would win.}
46. Kh3 Qd7 47. Rf1 (47. Qf3 $17) 47... Rd2 $19 48. Bg4 Qd4 (48... Rd3 $19 49.
Qb4+ Qe7) 49. Qb4+ $17 Qc5 $4 (49... Qd6 $19 50. c5 bxc5) 50. Qxd2 $18 {
[#] White threatens Qd8+ and mate.} Bxc4 51. Qd8+ Kf7 52. Bh5+ {Precision:
White = 36%, Black = 33%.} 1-0

[Event "Yingmei Cup CHN-chT 2017"]
[Site "?"]
[Date "2017.05.24"]
[Round "6"]
[White "Hong, Xing"]
[Black "Wang, Jue"]
[Result "0-1"]
[WhiteElo "1982"]
[BlackElo "2335"]
[Annotator "TA"]
[PlyCount "86"]
[EventDate "2017.??.??"]
[SourceTitle "Jinhua-Lanxi"]

1. c4 c6 2. b3 d5 3. Bb2 Nf6 4. Nf3 e6 5. e3 Nbd7 6. Be2 Bd6 {A06: Réti
Opening:1 Nf3 d5} 7. Qc2 (7. Nc3 O-O 8. Qc2 dxc4 9. bxc4 e5 10. O-O Re8 11. d3
Nc5 12. d4 exd4 13. exd4 Ne6 14. Rfe1 Bd7 15. Bf1 Qa5 16. c5 {1-0 (74) Socko,B
(2631)-Khairullin,I (2632) Khanty-Mansiysk 2012}) 7... O-O {LiveBook: 6 Games}
8. g4 (8. d4 $11) 8... Nxg4 $17 {Black is better.} 9. Rg1 Ngf6 $146 ({
Predecessor:} 9... f5 10. h3 Nge5 11. Ng5 Nf6 12. f4 Ng6 13. c5 Bc7 14. Nf3 {
0-1 (58) Gislason,G (2303)-Thorhallsson,S (2061) Reykjavik 2016}) 10. Nc3 Qe7
11. O-O-O Ba3 12. Rg3 Bxb2+ 13. Kxb2 a5 14. Rdg1 Ne8 (14... g6 $17 15. d4 b6)
15. e4 {[#]} (15. h4 $1 $11) 15... dxc4 $1 16. e5 cxb3 17. axb3 f5 18. exf6
Ndxf6 (18... Qxf6 $2 19. Ng5 $18) 19. Ne5 (19. Bd3 $17 a4 20. bxa4) 19... Qc5
20. f4 a4 (20... Qd4 $19 {Threatens to win with ...a4.} 21. Bd3 a4 22. bxa4
Qxf4) 21. bxa4 {[#]} (21. Nxa4 $17 Qxc2+ 22. Kxc2) 21... Qb4+ $1 $19 22. Ka2 (
22. Qb3 $17 Qxf4 23. Nc4) 22... Qxf4 (22... Nd5 23. Bd1 $19) 23. Nf3 b5 24. Ng5
h6 25. Rg4 (25. Rf1 {was worth a try.} Qb4 26. Rb1) 25... Qe5 ({Not} 25... hxg5
26. Rxf4 gxf4 27. Kb2 $15) 26. Nf3 Qf5 ({Worse is} 26... Nxg4 27. Nxe5 Nxe5 28.
Qe4 $14) (26... Qc5 $142 27. Rf4 Nd5 28. Rxf8+ Qxf8) 27. Qxf5 exf5 28. Rf4 Be6+
29. Kb2 Nd5 30. Nxd5 Bxd5 ({Weaker is} 30... cxd5 31. axb5 g5 32. Rb4 $11) 31.
axb5 cxb5 32. Rd4 Nf6 33. Nh4 $2 (33. Ra1) 33... Ra2+ 34. Kb1 Rfa8 35. Rg3 Ra1+
36. Kc2 R8a2+ 37. Kd3 Ne4 38. Rxd5 (38. Nxf5 $142 Nxg3 39. Nxg3 Bc4+ 40. Ke3)
38... Rxd2+ {Black is clearly winning.} 39. Ke3 Rxd5 40. Rg6 Ra3+ 41. Kf4 Nf6
42. Bf3 Rd4+ 43. Kg3 {[#]} Rxh4 $1 {Precision: White = 17%, Black = 61%.} 0-1

[Event "Yingmei Cup CHN-chT 2017"]
[Site "?"]
[Date "2017.05.24"]
[Round "6"]
[White "Yang, Yijing"]
[Black "Guo, Qi"]
[Result "1/2-1/2"]
[WhiteElo "1910"]
[BlackElo "2413"]
[Annotator "TA"]
[PlyCount "178"]
[EventDate "2017.??.??"]
[SourceTitle "Jinhua-Lanxi"]

1. d4 Nf6 2. c4 e6 3. Nf3 b6 4. g3 Bb4+ 5. Bd2 Be7 6. Bg2 c6 7. O-O d5 8. b3
O-O 9. Bc3 Bb7 10. Nbd2 Nbd7 11. Re1 c5 12. Rc1 Rc8 13. Bb2 dxc4 {E17: Queen's
Indian: 4 g3 Bb7 5 Bg2 Be7} 14. Nxc4 b5 15. Nce5 Nxe5 16. Nxe5 Bxg2 17. Kxg2 {
[#]} Qd5+ $146 ({Predecessor:} 17... Qb6 18. e3 Qa6 19. dxc5 Bxc5 20. Nd3 Be7
21. a3 {0-1 (28) Drago,P (2099)-Ivanov,S (2561) Biella 2015}) 18. Kg1 Qb7 19.
dxc5 Bxc5 20. Nd3 Be7 21. e3 ({Better is} 21. Rxc8 $11 Rxc8 22. Qa1) 21... Rxc1
$15 22. Qxc1 Rc8 23. Qd1 Ne4 24. h4 f5 25. Qe2 b4 26. Bd4 Bd6 27. Kh2 Rc6 28.
Be5 Qc7 29. Bxd6 $1 Qxd6 30. Rc1 Nc3 31. Qf3 {Black should prevent Nxb4!} a5 (
31... Rc8 $5 32. Qb7 Rb8 33. Qxa7 Nb5 $15) 32. Ne5 Rc8 33. Qb7 Qc7 34. Qa6 $1
Re8 35. Nc4 (35. Nc6 $1 $14) 35... a4 $1 $11 36. bxa4 Nxa2 37. Rb1 {
Threatening Rb2.} Qc5 38. Qb5 Rc8 39. Rb2 $2 {[#]} (39. Nd2 $11) 39... Qxb5 $1
$19 ({Worse is} 39... Qxc4 40. Qxc4 Rxc4 41. Rxa2 $11) 40. axb5 Rxc4 41. Rxa2 {
Endgame KR-KR} b3 42. Rb2 Rb4 43. Kg2 Rxb5 44. Kf3 Kf7 45. Ke2 Kf6 46. Kd2 Ke5
47. f3 {[#]} h6 $1 48. Kd3 $2 (48. h5 Ra5 49. Rxb3) 48... g5 49. f4+ Kf6 $2 (
49... gxf4 $19 50. exf4+ Kd5) 50. hxg5+ $11 {The position is equal.} hxg5 51.
Kc4 Rd5 52. Rxb3 Rd2 53. Rb6 Rg2 54. fxg5+ Ke5 55. Kd3 Rxg3 56. Rb5+ Kd6 57.
Ke2 Rg2+ 58. Kf3 Rxg5 59. Rb6+ Ke5 60. Rb5+ (60. e4 $5) 60... Kf6 61. Rb6 Rh5
62. Rb8 Rh3+ 63. Kf2 e5 64. Rf8+ Ke6 65. Re8+ Kd5 {Hoping for ...Ke4.} 66. Ra8
Rh2+ 67. Kf3 e4+ 68. Kg3 Re2 69. Ra5+ Ke6 70. Ra3 Kd6 71. Kf4 Rf2+ 72. Kg5 Rf3
(72... f4 $5 73. exf4 Rf3 $11) 73. Ra5 Ke6 (73... f4 $5 74. exf4 Rg3+ 75. Kf5
e3 $11) 74. Ra6+ Kd5 75. Ra5+ Kc4 {Threatens to win with ...Kd3.} 76. Rxf5 Kd3
77. Ra5 Kxe3 78. Kg4 Rf2 {And now ...Rg2+ would win.} 79. Ra3+ Ke2 80. Ra2+ Kf1
81. Ra1+ Ke2 82. Ra2+ Ke3 83. Ra3+ Kd4 84. Ra4+ Kd5 85. Ra5+ Kd6 86. Ra6+ Kc5
87. Ra5+ Kc4 88. Ra4+ Kd3 89. Ra3+ Kd4 {Precision: White = 58%, Black = 68%.}
1/2-1/2

[Event "Yingmei Cup CHN-chT 2017"]
[Site "?"]
[Date "2017.05.25"]
[Round "7"]
[White "Ding, Liren"]
[Black "Ma, Qun"]
[Result "1/2-1/2"]
[WhiteElo "2759"]
[BlackElo "2637"]
[Annotator "TA"]
[PlyCount "113"]
[EventDate "2017.??.??"]
[SourceTitle "Jinhua-Lanxi"]

1. d4 Nf6 2. c4 e6 3. Nf3 d5 4. g3 Bb4+ 5. Bd2 Be7 6. Bg2 O-O 7. O-O c6 8. Qc2
Nbd7 9. Rd1 b6 10. b3 a5 {E11: Bogo-Indian} 11. Bc3 Ne4 12. Bb2 Bb7 13. Nc3
$146 ({Predecessor:} 13. Nbd2 Nxd2 14. Rxd2 Nf6 15. Ne5 Qb8 16. c5 bxc5 17.
dxc5 Qc7 18. Qc3 {1/2-1/2 (40) Svidler,P (2735)-Jakovenko,D (2725) Astrakhan
2010}) 13... f5 14. Ne1 (14. Rac1 {seems wilder.} Bd6 15. e3 Qe7 16. Ne2 a4 17.
Ne5) 14... Nxc3 15. Bxc3 Bd6 16. Nd3 Qe7 17. e3 Ba6 18. Bb2 a4 19. Rac1 axb3
20. axb3 Bb7 21. Qc3 Rfc8 22. Qe1 Nf6 23. c5 bxc5 24. dxc5 Bc7 25. b4 Ba6 26.
Ne5 Bb5 27. Bf1 Bxe5 28. Bxe5 Qb7 29. Bxf6 gxf6 {The position is equal.} 30.
Qc3 {Threatens to win with Bxb5.} Bxf1 31. Rxf1 Kf7 32. Ra1 Rxa1 33. Rxa1 $11 {
Endgame KQR-KQR} Ra8 34. Ra3 Kg6 35. Qa1 Rb8 36. Ra4 Qb5 37. h4 e5 38. Kh2 Qc4
39. h5+ Kh6 40. Ra6 Rxb4 (40... Qe2 $5 41. Kg2 Rxb4 $11) 41. Rxc6 {[#] Hoping
for Qxe5.} Qc2 42. Qf1 Rb1 43. Qg2 Qd1 44. g4 $1 ({But not} 44. Rxf6+ $2 Kg5
$19) 44... Qxg4 45. Qxg4 fxg4 46. Rxf6+ Kxh5 {KR-KR} 47. Rf5+ Kh4 48. Rxe5 Rb2
49. Kg2 Rd2 50. Re7 h5 51. Rd7 g3 52. Rf7 {c6 is the strong threat.} gxf2 53.
Rxf2 Rd3 54. Rc2 Rxe3 55. c6 Re8 $1 56. c7 Rc8 57. Rc5 {Precision: White = 58%,
Black = 76%.} 1/2-1/2

[Event "Yingmei Cup CHN-chT 2017"]
[Site "?"]
[Date "2017.05.25"]
[Round "7"]
[White "Bu, Xiangzhi"]
[Black "Lin, Chen"]
[Result "1-0"]
[WhiteElo "2713"]
[BlackElo "2475"]
[Annotator "TA"]
[PlyCount "71"]
[EventDate "2017.??.??"]
[SourceTitle "Jinhua-Lanxi"]

1. d4 Nf6 2. Nf3 g6 3. c4 Bg7 4. g3 O-O 5. Bg2 d6 6. O-O Nc6 7. Nc3 Bg4 {
LiveBook: 588 Games} 8. Qd2 $146 {E62: King's Indian: Fianchetto: 6...c6 and
Panno Variation (6...Nc6) without . ..a6} ({Predecessor:} 8. h3 Bxf3 9. Bxf3
Nd7 10. e3 e5 11. dxe5 Ndxe5 12. Be2 Nd7 13. Bd2 Nc5 14. b3 Qd7 15. Kh2 f5 16.
Bf3 Rae8 17. Bg2 Ne4 18. Rc1 h5 19. b4 Kh7 20. a3 {1/2-1/2 (41) Bu,X (2724)
-Socko,B (2587) Moscow 2016}) 8... Nd7 9. d5 Bxf3 10. exf3 {White is slightly
better.} Nd4 11. f4 c5 12. dxc6 bxc6 13. b3 Nc5 14. Bb2 Rb8 15. Rfe1 (15. Rad1
$14) 15... a5 (15... Ndxb3 $11 {remains equal.} 16. axb3 Nxb3) 16. Rad1 Qc7 17.
h4 h5 18. Ne4 Nce6 19. Bc3 a4 {[#]} 20. b4 $1 ({Reject} 20. Bxd4 Nxd4 21. b4
Rfd8 $11) 20... Qa7 21. Qd3 Rfd8 22. a3 Nf5 23. Bh3 {White wants to play Bxf5.}
d5 24. cxd5 cxd5 25. Nd2 Bxc3 ({Black should play} 25... Ned4 $1 $14) 26. Bxf5
$16 Ng7 {[#] White must now prevent ...Bxd2.} 27. Bxg6 $1 ({Much worse is} 27.
Qxc3 $6 Nxf5 28. Rc1 e6 $11) 27... Bxd2 (27... Rbc8 $16 {was necessary.}) 28.
Bh7+ $18 Kh8 29. Rxd2 e6 30. Qb1 f5 31. Bg6 Rbc8 32. Rd3 Rc4 33. Qb2 {And now
Qf6 would win.} d4 34. Qe2 Rc3 35. Red1 {Threatens to win with Rxc3.} Rdc8 $2 (
35... Rd5 36. Bxh5 Rxd3) 36. Rxd4 {Precision: White = 74%, Black = 32%.} 1-0

[Event "Yingmei Cup CHN-chT 2017"]
[Site "?"]
[Date "2017.05.25"]
[Round "7"]
[White "Wang, Yue"]
[Black "Zhou, Weiqi"]
[Result "1/2-1/2"]
[WhiteElo "2706"]
[BlackElo "2606"]
[Annotator "TA"]
[PlyCount "61"]
[EventDate "2017.??.??"]
[SourceTitle "Jinhua-Lanxi"]

1. Nf3 Nf6 2. g3 d5 3. Bg2 g6 4. c4 c6 5. Qa4 Nbd7 6. cxd5 {A11: English
Opening: 1...c6} cxd5 7. Nc3 Bg7 {LiveBook: 15 Games} 8. Qb3 {White is
slightly better.} (8. O-O O-O 9. d4 b6 10. Bf4 Bb7 11. Rfc1 a6 12. Ne5 {
1/2-1/2 (51) Kramnik,V (2777) -Carlsen,M (2850) Berlin 2015}) 8... Qb6 $146 ({
Predecessor:} 8... Qa5 9. d4 O-O 10. Bd2 e6 11. O-O Qb6 12. Rfc1 Nb8 13. Qxb6
axb6 {1/2-1/2 (80) Nikolaidis, I (2495)-Kalesis,N (2410) Glyfada 1995}) 9. Qxb6
Nxb6 10. d3 O-O 11. Be3 e6 12. a4 Bd7 13. a5 Nc8 14. Bc5 Rd8 15. Ne5 Rb8 16. f4
Be8 17. O-O Nd7 18. Nxd7 Rxd7 19. Rfc1 b6 20. axb6 axb6 21. Bf2 Ne7 22. Ra6 b5
23. b4 Rdd8 24. Bc5 Nc6 25. e3 Bf8 $1 {The position is equal.} 26. Bxf8 Kxf8
27. Rb1 Ra8 28. Rxa8 Rxa8 29. Nxb5 Rb8 30. Nc3 Rxb4 31. Rxb4 {Precision: White
= 70%, Black = 68%.} 1/2-1/2

[Event "Yingmei Cup CHN-chT 2017"]
[Site "?"]
[Date "2017.05.25"]
[Round "7"]
[White "Cheparinov, Ivan"]
[Black "Zeng, Chongsheng"]
[Result "1/2-1/2"]
[WhiteElo "2688"]
[BlackElo "2536"]
[Annotator "TA"]
[PlyCount "114"]
[EventDate "2017.??.??"]
[SourceTitle "Jinhua-Lanxi"]

1. e4 c5 2. Nf3 e6 3. d4 cxd4 4. Nxd4 Nc6 5. Nc3 Qc7 6. Be3 a6 7. Qf3 {B48:
Sicilian: Taimanov: 5 Nc3 Qc7 6 Be3 a6 without Be2} Nf6 8. O-O-O Be7 (8... Rb8
9. Be2 d6 10. Qg3 Nxd4 11. Bxd4 e5 12. Ba7 Ra8 13. Be3 b5 14. f4 Bb7 15. fxe5
Nxe4 16. Nxe4 Bxe4 {1-0 (42) Nepomniachtchi,I (2767)-Adhiban,B (2666) Doha 2016
}) 9. Be2 O-O 10. Qg3 d6 {LiveBook: 19 Games} 11. h4 Kh8 $146 ({Predecessor:} 
11... Nxd4 12. Rxd4 b5 13. Bh6 Ne8 14. Bg5 Bb7 {1-0 (38) Mozharov,M (2560)
-Ambartsumova,K (2282) Platja d'Aro 2016}) 12. h5 h6 $1 13. Kb1 Nxd4 14. Rxd4
b5 15. f3 e5 16. Rd2 Be6 17. Qf2 Rab8 (17... b4 $5 18. Nd5 Bxd5 19. exd5 Qa5
$11) 18. g4 Qa5 19. Nd5 Bxd5 (19... Bd8 {keeps more tension.} 20. Rhd1 Bxd5 21.
exd5 Bb6 22. Bxb6 Qxb6 23. Qxb6 Rxb6 24. Rc1 Rfb8) 20. exd5 Bd8 21. Rhd1 Bb6
22. Bxb6 Qxb6 23. Qxb6 Rxb6 24. c4 bxc4 25. Bxc4 e4 26. Be2 exf3 27. Bxf3 Nd7
28. Rd4 g6 29. Rc1 Rfb8 {White must now prevent ...Ne5.} 30. Rc2 Kg7 31. Be2
Nc5 32. Bc4 a5 33. Rf2 Nd7 (33... g5 $17) 34. Rfd2 Rc8 35. Be2 Nc5 36. Bd1 Re8
37. Re2 Reb8 38. Red2 R6b7 39. a3 Kf6 40. Re2 Kg5 41. Ka2 Nd7 ({Don't play} 
41... gxh5 42. gxh5 Rb5 43. Rg2+ Kf5 44. Re2 $11) 42. Rdd2 Ne5 ({Reject} 42...
gxh5 $6 43. gxh5 Kf6 44. Rf2+ Ke7 45. Ba4 $11) 43. Re4 Rc7 44. Ra4 Rb5 45. Rad4
Rbc5 46. b4 axb4 47. Rxb4 Rc3 48. a4 R7c5 49. Bb3 Nd3 ({Much worse is} 49...
Nxg4 $6 50. hxg6 fxg6 51. Rb6 $11) 50. Rb6 gxh5 51. gxh5 {[#]} f5 $1 52. Rg2+ {
[#]} Kf4 (52... Kh4 $1 $17 53. Rh2+ Kg3) 53. Rg6 $11 {The position is equal.}
Nc1+ 54. Kb2 Nd3+ 55. Ka2 $1 Nc1+ 56. Kb2 Nd3+ 57. Ka2 $1 Ke5 {Precision:
White = 45%, Black = 66%.} 1/2-1/2

[Event "Yingmei Cup CHN-chT 2017"]
[Site "?"]
[Date "2017.05.25"]
[Round "7"]
[White "Zvjaginsev, Vadim"]
[Black "Wang, Hao"]
[Result "1/2-1/2"]
[WhiteElo "2661"]
[BlackElo "2690"]
[Annotator "TA"]
[PlyCount "32"]
[EventDate "2017.??.??"]
[SourceTitle "Jinhua-Lanxi"]

1. e4 c5 2. Nc3 d6 3. d4 cxd4 4. Qxd4 Nc6 5. Bb5 Bd7 6. Bxc6 {B23: Closed
Sicilian: Lines without g3} Bxc6 7. Nge2 Nf6 {LiveBook: 3 Games} (7... h6 8.
O-O Nf6 9. Qd3 e6 10. Nd4 Qd7 11. Bf4 {1/2-1/2 (60) Zvjaginsev,V (2662)
-Nepomniachtchi,I (2704) Moscow 2016}) 8. Bg5 e6 9. O-O-O Be7 10. Qd3 (10. Bxf6
$5 Bxf6 11. Qxd6 $11) 10... Qa5 $146 {The position is equal.} ({Predecessor:} 
10... Qb6 11. Nd4 Rc8 {0-1 (34) Piscopo,P (2373)-Markos,J (2596) Rogaska
Slatina 2011}) 11. Bd2 (11. Bxf6 $5 Bxf6 12. Qxd6 $11) 11... d5 12. e5 Ne4 13.
Nxe4 dxe4 14. Qd7+ Bxd7 15. Bxa5 Bc5 16. Nd4 f6 1/2-1/2

[Event "Yingmei Cup CHN-chT 2017"]
[Site "?"]
[Date "2017.05.25"]
[Round "7"]
[White "Lu, Shanglei"]
[Black "Bai, Jinshi"]
[Result "1-0"]
[WhiteElo "2620"]
[BlackElo "2585"]
[Annotator "TA"]
[PlyCount "77"]
[EventDate "2017.??.??"]
[SourceTitle "Jinhua-Lanxi"]

1. e4 e5 2. Bc4 Nf6 3. d3 c6 4. Nf3 d5 5. Bb3 a5 6. a4 {C24: Bishop's Opening:
2...Nf6} Bb4+ 7. c3 Bd6 8. exd5 cxd5 9. Bg5 Be6 10. Na3 Nbd7 {LiveBook: 4 Games
} 11. Nb5 Bb8 12. O-O O-O 13. Re1 Re8 {[#]} 14. Bh4 $146 Ra6 15. Nd2 Nc5 16.
Bc2 Bd7 17. Nf1 Ne6 18. d4 e4 19. c4 dxc4 20. Bxe4 g5 21. Bg3 Bxg3 22. Nxg3
Bxb5 23. axb5 Rd6 24. Nf5 Nxe4 25. Rxe4 Rd5 26. Qf3 Qf6 27. g4 Rxb5 (27... h5
$5 28. Qc3 Red8 $11) 28. Rae1 (28. Re5 $5 Rxb2 29. Qc3 $11) 28... Rf8 ({But not
} 28... Rxb2 $6 29. d5 $16) 29. Re5 $36 {White has the initiative.} Rb3 30. Qd5
{Strongly threatening Rxe6.} Rxb2 $2 {[#]} (30... Nf4 $11 31. Qxc4 Nh3+ 32. Kg2
Nf4+ 33. Kg1 Nh3+ 34. Kg2 Nf4+ 35. Kg1) 31. Rxe6 $1 $18 fxe6 32. Rxe6 Rb5 33.
Qxc4 Rb4 34. Qc7 {White mates.} Rb1+ 35. Kg2 Rc1 36. Qxb7 Rb1 37. Qd7 Rf7 38.
Qd5 Rb5 39. Re8# {Precision: White = 63%, Black = 57%.} 1-0

[Event "Yingmei Cup CHN-chT 2017"]
[Site "?"]
[Date "2017.05.25"]
[Round "7"]
[White "Zhao, Jun"]
[Black "Wei, Yi"]
[Result "1/2-1/2"]
[WhiteElo "2616"]
[BlackElo "2727"]
[Annotator "TA"]
[PlyCount "64"]
[EventDate "2017.??.??"]
[SourceTitle "Jinhua-Lanxi"]

1. e4 e6 2. d4 d5 3. Nd2 c5 4. Ngf3 cxd4 5. Nxd4 Nf6 6. exd5 Nxd5 7. N2f3 {
C07: French Tarrasch: 3...c5, 4 Ngf3 and 4 exd5 Qxd5} Bb4+ 8. Bd2 O-O 9. c4 (9.
Bc4 b6 10. c3 Be7 11. Qe2 Bb7 12. O-O Nd7 13. Rfe1 Bf6 14. Rad1 Re8 {1/2-1/2 
(24) Vallejo Pons,F (2711)-Bluebaum,M (2642) Germany 2017}) 9... Bxd2+ 10. Qxd2
Nf6 11. Be2 {LiveBook: 3 Games} e5 12. Nc2 $146 ({Predecessor:} 12. Nb5 Nc6 13.
O-O e4 14. Nfd4 a6 {1/2-1/2 (27) Tesik,C (2333)-Del Rio de Angelis,S (2541)
Zalakaros 2016}) 12... Nc6 13. O-O Bf5 14. Ne3 Be4 15. Qxd8 Rfxd8 16. Rfd1 Nd4
17. Nxd4 exd4 18. Ng4 Nxg4 (18... d3 $5 19. Nxf6+ gxf6 $15) 19. Bxg4 d3 20. Rd2
Rd4 21. f3 Bg6 {aiming for ...h5.} 22. b3 a5 23. Kf2 a4 {[#] Strongly
threatening ...f5.} 24. Rb1 axb3 25. axb3 Rd6 26. f4 Be4 27. Bf3 Re8 28. Bxe4
Rxe4 {The position is equal.} 29. Kf3 f5 30. Rbd1 Red4 31. Ke3 Re4+ 32. Kf3
Red4 {Precision: White = 29%, Black = 51%.} 1/2-1/2